Former Countries by Map - Statistics

General Stats
  • This quiz has been taken 3,502 times
  • The average score is 12 of 20
Answers on the Map
Answers color-coded by a green-red scale on the quiz's map according to % correct below.
 
Answer Stats
Country % Correct
Scotland
95%
Soviet Union
95%
Texas
95%
Czechoslovakia
89%
Yugoslavia
89%
Tibet
82%
East Germany
79%
Newfoundland
79%
Catalonia
72%
South Vietnam
68%
Manchukuo
65%
Gran Colombia
54%
South Yemen
51%
Vermont
48%
Fed. Rep. of Central America
41%
Hawaii
35%
United Arab Republic
31%
Orange Free State
30%
Aceh
25%
Sarawak
19%
No matching quizzes found
Score Distribution
Percent of People with Each Score
Percentile by Number Answered
Your Score History
You have not taken this quiz